Thought Economics (Record no. 6850)

MARC details
005 - DATE AND TIME OF LATEST TRANSACTION
control field 20260317090227.0
020 ## - INTERNATIONAL STANDARD BOOK NUMBER
International Standard Book Number 9781789293159
100 ## - MAIN ENTRY--PERSONAL NAME
Author name SHAH,V
245 ## - TITLE STATEMENT
Title Thought Economics
260 ## - PUBLICATION, DISTRIBUTION, ETC.
Place of publication, distribution, etc. London
Name of publisher, distributor, etc. Michael O'mara Books Limited
Date of publication, distribution, etc. 2021
300 ## - PHYSICAL DESCRIPTION
Extent 288p.
Dimensions 23.cm
942 ## - ADDED ENTRY ELEMENTS (KOHA)
Source of classification or shelving scheme Dewey Decimal Classification
Koha item type Books
Holdings
Date last seen Total checkouts Full call number Barcode Cost, replacement price Price effective from Koha item type Lost status Source of classification or shelving scheme Damaged status Not for loan Withdrawn status Home library Current library Shelving location Date acquired Source of acquisition Cost, normal purchase price
03/17/2026   330 SHA MBY0001151 172800.00 03/17/2026 Books   Dewey Decimal Classification       CBE MBEYA CBE MBEYA General Collection 02/23/2026 DONATION 57600.00